| 000 | 00776nam a2200241Ia 4500 | ||
|---|---|---|---|
| 008 | 160319s9999 xx 000 0 und d | ||
| 020 | _a9789716300673 | ||
| 050 | _a398.352 | ||
| 050 | _bP295g 1997 | ||
| 100 | _aPaterno, Maria Elena | ||
| 245 | 4 | _aThe girl who turned into a fish and other classic Philippine water tales / | |
| 245 | _cas told by Maria Elena Paterno ; illustrated by Albert Gamos. | ||
| 260 | _aManila : | ||
| 260 | _bTahanan Books for Young Readers | ||
| 260 | _c1997 | ||
| 300 | _a56 pages : | ||
| 300 | _billustrations ; | ||
| 300 | _c26 cm. | ||
| 440 | _aA treasury of Philippine folk tales. | ||
| 650 | _aChildren's literature, Philippines. | ||
| 650 | _aChildren's stories, Philippine (English) | ||
| 650 | _aTales -- Philippines. | ||
| 999 |
_c292141 _d292141 |
||